000 00252nam a2200097Ia 4500
082 _aAF BIER
245 0 _aRooikop vir vlug 609
100 _a BIERMAN, Ettie [S.l.], 1978
_998059
942 _cBK
008 210817s9999 xx 000 0 und d
999 _c415739
_d415738